| 000 | 00425nam a2200157 i 4500 | ||
|---|---|---|---|
| 001 | 79306 | ||
| 003 | ES-MaACL | ||
| 005 | 20230906173942.0 | ||
| 007 | t| | ||
| 008 | 041020s1929 fr ||||1| fre d | ||
| 100 | 1 |
_aHermant, Abel. _962743 |
|
| 245 | 1 | 0 |
_aEpilogue de la vie amoureuse _b: roman / _cAbel Hermant. |
| 260 |
_aParis : _b[s.n., _c1929] ( _fE. Grevin) |
||
| 300 |
_a220 p. ; _c19 cm. |
||
| 852 |
_aES-MaACL _jF-13835 |
||
| 999 |
_c79306 _d79306 |
||